Personagens de séries e filmes - Statistics

Estatísticas Gerais
  • Esse quiz foi jogado 287 vezes
  • A pontuação média é 5 de 14
Estatísticas das Respostas
Personagem Resposta % Correto
Viuva Negra Vingadores
74%
Jim Hopper Stranger Things
67%
Remo Lupin Harry Potter
62%
Jack Dawson Titanic
50%
Jacob Black Crepusculo
49%
Rose Cameron Outer Banks
45%
Alicia Sierra La casa de Papel
38%
Lydia Martin Teen Wolf
37%
Kitty Para todos os garotos que ja amei
29%
Eli Moskowitz Cobra Kai
24%
Jake Sully Avatar
17%
Bill Denbrough It
17%
Luke Thompson Bridgerton
10%
Jack Kline Supernatural
10%
Nenhum quiz correspondente encontrado
Distribuição das Pontuações
Porcentagem de Pessoas com Cada Pontuação
Percentil de Números Respondidos
Sua Pontuação Histórica
Você não jogou esse quiz